00381ntaaa2200145 45000030003000000050017000030080021000200400037000410820017000781000024000952450051001192500039001703000011002096500015002200120251027201602.00714s1973 ag 01  aAR-BaBNbspacAR-BaBNeaacrdRIC a230.0000 Ow4 aOwnbey, Richard L.  aChristian's Religion; its meaning and mission. a1 ed. : bCokesbury Press, cc/932 a178 p. aTeología